La Financiación del desarrollo cultural . La dimensión cultural en los proyectos de desarrollo /
Պահպանված է:
| Հիմնական հեղինակ: | |
|---|---|
| Համատեղ հեղինակներ: | , |
| Այլ հեղինակներ: | |
| Ձևաչափ: | Տեքստ |
| Հրապարակվել է: |
UNESCO
|
| Ցուցիչներ: |
Ավելացրեք ցուցիչ
Չկան պիտակներ, Եղեք առաջինը, ով նշում է այս գրառումը!
|
MARC
| LEADER | 00000 a a2200000 04500 | ||
|---|---|---|---|
| 001 | 23223 | ||
| 003 | |||
| 040 | |||
| 090 | |a 160700 | ||
| 100 | |a Herrera, Felipe | ||
| 110 | |a Fondo Internacional para la promoción de la cultura | ||
| 245 | |a La Financiación del desarrollo cultural . La dimensión cultural en los proyectos de desarrollo / |c Fondo Internacional para la promoción de la cultura | ||
| 260 | |a UNESCO | ||
| 300 | |a 183 p | ||
| 700 | |a Langlois, Juan Carlos | ||
| 710 | |a UNESCO | ||
| 999 | |c 3162 |d 3162 | ||
